[Event "Niedersachsen-ch Seniors op 14th"]
[Site "Bad Bevensen"]
[Date "2011.07.08"]
[Round "4"]
[White "Wraga, Hermann"]
[Black "Jesse, Gustav"]
[Result "0-1"]
[WhiteElo "1466"]
[BlackElo "1639"]
[PlyCount "136"]
[EventDate "2011.07.05"]
[EventType "swiss"]
[EventRounds "9"]
[EventCountry "GER"]
[SourceTitle "EXT 2012"]
[Source "ChessBase"]
[SourceDate "2011.11.24"]
[SourceVersion "1"]
[SourceVersionDate "2011.11.24"]
[SourceQuality "1"]

1. e4 c6 2. d3 d5 3. Nd2 e5 4. h3 Nf6 5. Ngf3 Qc7 6. g3 Bc5 7. Bg2 0-0 8. 0-0 h6 9. c3 dxe4 10. dxe4 Be6 11. Qc2 Nbd7 12. Re1 Nh5 13. Nf1 f5 14. exf5 Bc4 15. Be3 Rae8 16. Nh4 Bd6 17. b3 Bd5 18. c4 Bxg2 19. Kxg2 Rf7 20. Rad1 Be7 21. Ng6 Bb4 22. Bd2 Bxd2 23. Rxd2 Nf8 24. Nxf8 Rexf8 25. Ne3 Nf6 26. Red1 Qe7 27. g4 Nh7 28. Kg3 Qg5 29. Qe4 Qe7 30. Qg2 e4 31. h4 Qe5+ 32. Kh3 g5 33. h5 Nf6 34. Qg3 Qe7 35. Qd6 Qxd6 36. Rxd6 Kg7 37. Rd8 Rxd8 38. Rxd8 Re7 39. Rd1 b6 40. b4 Rd7 41. Rxd7+ Nxd7 42. Nf1 Ne5 43. Nd2 Nd3 44. Nxe4 Nxb4 45. a3 Nd3 46. Kg3 a6 47. Kf3 Ne5+ 48. Kg3 Nxc4 49. a4 Nb2 50. Nc3 Nd3 51. Kf3 Ne5+ 52. Kg3 b5 53. axb5 axb5 54. f4 gxf4+ 55. Kxf4 Nf7 56. Ne4 b4 57. Nc5 Kf6 58. Ne4+ Ke7 59. Ke3 b3 60. Nd2 b2 61. Kd4 Nd6 62. Nb1 Nf7 63. Kc5 Kf6 64. Kd4 Kg5 65. Ke4 Kxg4 66. f6 Kg5 67. Kf3 Kxf6 68. Kg4 c5 0-1

[Event "Niedersachsen-ch Seniors op 13th"]
[Site "Bad Bevensen"]
[Date "2010.07.11"]
[Round "6"]
[White "Jesse, Gustav"]
[Black "Raessler, Arndt"]
[Result "0-1"]
[WhiteElo "1686"]
[BlackElo "1792"]
[PlyCount "128"]
[EventDate "2010.07.06"]
[EventType "swiss"]
[EventRounds "9"]
[EventCountry "GER"]
[SourceTitle "EXT 2012"]
[Source "ChessBase"]
[SourceDate "2011.11.24"]
[SourceVersion "1"]
[SourceVersionDate "2011.11.24"]
[SourceQuality "1"]

1. e4 e6 2. d4 d5 3. Nd2 Nf6 4. e5 Nfd7 5. c4 dxc4 6. Nxc4 b6 7. Qf3 c6 8. a3 Be7 9. Qg3 Kf8 10. Bd2 Bb7 11. b4 c5 12. bxc5 bxc5 13. dxc5 Nxc5 14. Ba5 Qd4 15. Rd1 Qe4+ 16. Qe3 Bd5 17. Qxe4 Nxe4 18. f3 Nc5 19. Nh3 Nba6 20. Nf4 Bh4+ 21. g3 Bxf3 22. Bg2 Bxg2 23. Nxg2 Be7 24. 0-0 g5 25. Nd6 Bxd6 26. exd6 Nd7 27. Bc3 Rg8 28. Bf6 Nxf6 29. Rxf6 Kg7 30. Rdf1 Rgf8 31. Ne3 Nc5 32. R6f3 Ne4 33. Rd1 Rad8 34. Nc4 Rd7 35. Rfd3 Rfd8 36. Re1 f5 37. Kg2 h5 38. h3 g4 39. hxg4 hxg4 40. Red1 Kf6 41. Rf1 Rc8 42. Rd4 Ng5 43. Rxg4 Nf7 44. Rd4 e5 45. Rh4 Kg5 46. Rd1 f4 47. Rc1 Nxd6 48. Rg4+ Kxg4 49. Nxe5+ Kf5 50. Rxc8 Kxe5 51. gxf4+ Kxf4 52. Rf8+ Ke4 53. Rf5 Nc4 54. Rc5 Rd2+ 55. Kf1 Ne3+ 56. Ke1 Rd3 57. Rc7 Rxa3 58. Re7+ Kd4 59. Rh7 a5 60. Kd2 Ra2+ 61. Kc1 a4 62. Kb1 Rd2 63. Rh4+ Kc3 64. Rxa4 Kb3 0-1

[Event "Niedersachsen-ch Seniors op 13th"]
[Site "Bad Bevensen"]
[Date "2010.07.06"]
[Round "1"]
[White "Hunold, Rolf"]
[Black "Jesse, Gustav"]
[Result "1/2-1/2"]
[WhiteElo "1951"]
[BlackElo "1686"]
[PlyCount "64"]
[EventDate "2010.07.06"]
[EventType "swiss"]
[EventRounds "9"]
[EventCountry "GER"]
[SourceTitle "EXT 2012"]
[Source "ChessBase"]
[SourceDate "2011.11.24"]
[SourceVersion "1"]
[SourceVersionDate "2011.11.24"]
[SourceQuality "1"]

1. e4 c6 2. d4 d5 3. Nc3 dxe4 4. Nxe4 Bf5 5. Ng3 Bg6 6. Nh3 e6 7. Nf4 Bd6 8. h4 Bxf4 9. Bxf4 h5 10. Be2 Nf6 11. Bg5 Qa5+ 12. c3 Nbd7 13. 0-0 Qb6 14. Qd2 0-0 15. Be3 Qa5 16. Qd1 Rad8 17. b4 Qa3 18. Qe1 Nd5 19. Bd2 N7f6 20. f4 b5 21. Rf3 Qa6 22. a4 Qb6 23. axb5 cxb5 24. Ra5 a6 25. Qa1 Nc7 26. f5 exf5 27. Nxf5 Rfe8 28. Bd3 Ng4 29. Bf4 Ne5 30. Bxe5 Rxe5 31. Rf2 Re6 32. Bc2 Rde8 1/2-1/2

[Event "Bad Bevensen Seniors op 12th"]
[Site "Bad Bevensen"]
[Date "2009.07.14"]
[Round "8"]
[White "Hoose, Hannelore"]
[Black "Jesse, Gustav"]
[Result "1/2-1/2"]
[WhiteElo "1563"]
[BlackElo "1669"]
[PlyCount "58"]
[EventDate "2009.07.07"]
[EventType "swiss"]
[EventRounds "9"]
[EventCountry "GER"]
[SourceTitle "EXT 2022"]
[Source "ChessBase"]
[SourceDate "2021.10.06"]
[SourceVersion "1"]
[SourceVersionDate "2021.10.06"]
[SourceQuality "1"]

1. e4 c6 2. d4 d5 3. e5 Bf5 4. Bd3 Bg6 5. Ne2 e6 6. 0-0 Nd7 7. c3 c5 8. Bf4 c4 9. Bc2 Be7 10. Qd2 b5 11. Qc1 Nb6 12. Nd2 a5 13. Ng3 b4 14. Nf3 Rc8 15. Qd1 Qd7 16. Re1 Bd8 17. cxb4 axb4 18. Bd2 Be7 19. a3 b3 20. Bxg6 hxg6 21. Re2 Na4 22. Rb1 Nh6 23. Qc1 Nf5 24. Nxf5 gxf5 25. Bc3 g5 26. Qd2 g4 27. Ng5 Rh5 28. f4 Bxg5 29. fxg5 Qe7 1/2-1/2

[Event "Bad Bevensen Seniors op 12th"]
[Site "Bad Bevensen"]
[Date "2009.07.09"]
[Round "3"]
[White "Jesse, Gustav"]
[Black "Oppermann, Peter"]
[Result "0-1"]
[WhiteElo "1669"]
[BlackElo "1873"]
[PlyCount "56"]
[EventDate "2009.07.07"]
[EventType "swiss"]
[EventRounds "9"]
[EventCountry "GER"]
[SourceTitle "EXT 2022"]
[Source "ChessBase"]
[SourceDate "2021.10.06"]
[SourceVersion "1"]
[SourceVersionDate "2021.10.06"]
[SourceQuality "1"]

1. e4 e6 2. d4 d5 3. Nd2 Nf6 4. e5 Nfd7 5. Ngf3 c5 6. c3 Nc6 7. Be2 Qb6 8. Nb3 c4 9. Nbd2 Be7 10. Nf1 0-0 11. Qc2 f6 12. exf6 Bxf6 13. Be3 Qc7 14. Ng3 e5 15. dxe5 Ndxe5 16. Rd1 Be6 17. Nd4 Nxd4 18. Bxd4 Nd7 19. Bf3 Bxd4 20. Rxd4 Rf4 21. Bxd5 Bxd5 22. Rxd5 Re8+ 23. Kd1 Nc5 24. f3 Nd3 25. Ne4 Qf7 26. Rd4 Rxf3 27. Qe2 Rf2 28. Qe3 Qh5+ 0-1

[Event "Bad Bevensen Seniors op 12th"]
[Site "Bad Bevensen"]
[Date "2009.07.07"]
[Round "1"]
[White "Jesse, Gustav"]
[Black "Szenetra, Werner"]
[Result "0-1"]
[WhiteElo "1669"]
[BlackElo "2111"]
[PlyCount "92"]
[EventDate "2009.07.07"]
[EventType "swiss"]
[EventRounds "9"]
[EventCountry "GER"]
[SourceTitle "EXT 2022"]
[Source "ChessBase"]
[SourceDate "2021.10.06"]
[SourceVersion "1"]
[SourceVersionDate "2021.10.06"]
[SourceQuality "1"]

1. e4 g6 2. d4 Bg7 3. Nf3 d6 4. h3 a6 5. Nc3 Nd7 6. Bc4 e6 7. 0-0 b5 8. Bb3 Bb7 9. Re1 Ne7 10. d5 e5 11. Ne2 Nc5 12. Ng3 Nxb3 13. axb3 0-0 14. c4 h6 15. Bd2 f5 16. Qc1 f4 17. Ne2 Qd7 18. Bc3 c5 19. Nh2 b4 20. Bd2 a5 21. Qc2 Bc8 22. Ra4 Qc7 23. Rea1 Bd7 24. R4a2 Kh7 25. f3 h5 26. Be1 Bf6 27. Kh1 g5 28. Ng1 Ng6 29. Qe2 Rg8 30. Qf1 Ra7 31. Bf2 Bd8 32. Qd1 Bc8 33. Qc2 Qg7 34. Qe2 Qh6 35. Rd1 Rag7 36. Rd3 Kh8 37. Be1 Rh7 38. Qf1 g4 39. Qe2 Qg5 40. Ra1 Nh4 41. Bd2 gxh3 42. gxh3 Rhg7 43. Qf2 Qh6 44. Rf1 Rg2 45. Qe1 Qg5 46. Bc1 Rxh2+ 0-1

[Event "Niedersachsen-ch Seniors op 10th"]
[Site "Bad Bevensen"]
[Date "2007.07.09"]
[Round "7"]
[White "Mewes, Hans Dieter"]
[Black "Jesse, Gustav"]
[Result "1-0"]
[WhiteElo "1743"]
[BlackElo "1709"]
[PlyCount "83"]
[EventDate "2007.07.03"]
[EventType "swiss"]
[EventRounds "9"]
[EventCountry "GER"]
[SourceTitle "EXT 2022"]
[Source "ChessBase"]
[SourceDate "2021.10.06"]
[SourceVersion "1"]
[SourceVersionDate "2021.10.06"]
[SourceQuality "1"]

1. d4 c6 2. c4 d5 3. e3 Nf6 4. Nc3 Bf5 5. Nf3 e6 6. Qb3 Qb6 7. Nd2 Nbd7 8. Be2 Be7 9. 0-0 0-0 10. Re1 Qxb3 11. axb3 e5 12. Nf3 e4 13. Nd2 Bb4 14. Nf1 Rfe8 15. Bd2 Bd6 16. c5 Bc7 17. b4 a6 18. Ra2 Rab8 19. Rea1 Nf8 20. h3 h6 21. Ng3 Bd7 22. Nf1 g5 23. f3 exf3 24. Bxf3 Kg7 25. Re1 Bf5 26. g4 Bg6 27. Kf2 Re7 28. Ng3 Bxg3+ 29. Kxg3 Rbe8 30. h4 Be4 31. hxg5 hxg5 32. b3 Ng6 33. Bd1 Rh8 34. Bc1 Ree8 35. Rh2 Rxh2 36. Kxh2 Rh8+ 37. Kg3 Rh4 38. Bd2 Bd3 39. e4 Bxe4 40. Bxg5 Rh1 41. Bxf6+ Kxf6 42. Nxe4+ 1-0